Anime nach Bildern 4 - Statistiken

Allgemein
  • Dieses Quiz wurde 420 mal gespielt
  • Das Durchschnittsergebnis liegt bei 11 aus 16
Antwortstatistiken
Bildquiz Antwort % Korrekt
Hunter × Hunter
97%
Spy x Family
91%
Frieren - Nach dem Ende der Reise
88%
Black Clover
86%
Tokyo Ghoul
86%
Yu-Gi-Oh!
85%
Black Butler
84%
Dandadan
72%
Elfen Lied
68%
No Game No Life
61%
Meine Wiedergeburt als Schleim in einer anderen Welt
53%
The Eminence in Shadow
53%
Seraph of the End
50%
Fruits Basket
41%
High Rise Invasion
23%
Given
22%
Keine übereinstimmenden Quizze gefunden
Verteilung der Resultate
Anzahl Personen mit jedem Resultat
Perzentil nach korrekt beantworteten Fragen
Ihre Resultats-Entwicklung
Sie haben dieses Quiz noch nicht gespielt